|
|
|
|
| LEADER |
00889 a2200229 4500 |
| 008 |
170309b xxu||||| |||| 00| 0 eng d |
| 999 |
|
|
|c 113332
|d 113332
|
| 020 |
|
|
|a 9780736074001
|
| 082 |
|
|
|a 616.742
|
| 100 |
|
|
|a Page, Phil
|
| 245 |
|
|
|a Assessment and treatment of muscle imbalance /
|c Phil Page, Clare C Frank, Robert Lardner
|
| 260 |
|
|
|b Human kinetics,
|c 2010.
|a United States:
|
| 300 |
|
|
|a xiii,297p.
|c 29cm.
|
| 500 |
|
|
|a Includes idex and references
|
| 650 |
|
|
|a Musculoskeletal system--Diseases--Patients--Rehabilitation
|
| 650 |
|
|
|a Janda, Vladimír, Doc. MUDr
|
| 650 |
|
|
|a Muscles--Pathophysiology
|
| 650 |
|
|
|a Musculoskeletal system--Diseases--Diagnosis
|
| 700 |
|
|
|a Frank, Clare C
|
| 700 |
|
|
|a Lardner, Robert
|
| 942 |
|
|
|2 ddc
|c BK
|
| 952 |
|
|
|0 0
|1 0
|4 0
|6 616_742000000000000_PAG_A
|7 0
|9 120218
|a UL
|b UL
|c REF
|d 2017-01-28
|e 176
|g 4060.80
|l 0
|o 616.742 PAG/A
|p 95260
|r 2017-01-06
|v 5640.00
|y TXT
|